Riconosci il Pokémon - Quiz n°448 - Statistics

Statistiche generali
  • Questo quiz è stato fatto 1 volte
  • Il punteggio medio è 2 su 10
Statistiche sulle risposte
Indizio Risposta % Corretto
Generazione Nona
100%
Tipo Veleno / Lotta
100%
Sesso 100% ♂
0%
Altezza 1,8 m
0%
Tasso di cattura 3 (1.6%)
0%
Peso 92,2 kg
0%
Abilità Catena Tossica; Cane da Guardia
0%
Tasso di allevamento Lento
0%
Stadio evoluzione Non si evolve
0%
Pokémon Okidogi
0%
Nessun quiz corrispondente trovato
Distribuzione punteggi
Percentuale di utenti per punteggio
Percentile per numero di risposta
I tuoi punteggi nel tempo
Non hai fatto questo quiz